La Divine comédie du Dante Alighieri / (Record no. 154101)

MARC details
000 -LEADER
campo de control de longitud fija 01060nam a22002175i 4500
001 - NÚMERO DE CONTROL
campo de control 154101
003 - IDENTIFICADOR DE NÚMERO DE CONTROL
campo de control ES-MaACL
005 - FECHA Y HORA DE LA ÚLTIMA TRANSACCIÓN
campo de control 20240125194423.0
008 - DATOS DE LONGITUD FIJA--INFORMACIÓN GENERAL
campo de control de longitud fija 040728q18301875fr a |||| | fre d
100 1# - ENTRADA PRINCIPAL--NOMBRE DE PERSONA
Nombre de persona Flaxman, John.
9 (RLIN) 127096
245 13 - MENCIÓN DEL TÍTULO
Título La Divine comédie du Dante Alighieri /
Mención de responsabilidad, etc. gravée par Réveil ; d'après les compositions de J. Flaxman.
260 ## - PUBLICACIÓN, DISTRIBUCIÓN, ETC.
Lugar de publicación, distribución, etc. Paris :
Nombre del editor, distribuidor, etc. chez Audot libraire et chez Susse,
Fecha de publicación, distribución, etc. [entre 1830 y 1875]
300 ## - DESCRIPCIÓN FÍSICA
Extensión 29 p., 38, 38, 37 h. de lám. ;
Dimensiones 18 x 28 cm.
505 8# - NOTA DE CONTENIDO CON FORMATO
Nota de contenido con formato Contiene: Analyse de la Divine comédie du Dante: L'Enfer (p.1-10, 38 h. de lám.); Le Purgatoire (p. 11-19, 38 h. de lám.), Le Paradis (p.20-29, 37 h. de lám.)
594 ## - Nota al título y mención de responsabilidad
Nota al título y mención de responsabilidad Tít. y pie de imp. tomados de port. grab. enc. entre la p. 10 y la primera h. de lám. de L'enfer.
599 ## - NOTA A LAS ILUSTRACIONES
NOTA A LAS ILUSTRACIONES Lám.: grab. calc. "Flaxman inv., Reveil sc."
600 04 - PUNTO DE ACCESO ADICIONAL DE MATERIA--NOMBRE DE PERSONA
Nombre de persona Dante Alighieri,
Fechas asociadas al nombre 1265-1321.
Título de la obra La divina commedia
9 (RLIN) 175737
700 1# - ENTRADA AGREGADA--NOMBRE PERSONAL
Nombre de persona Réveil, Etienne Achille.
9 (RLIN) 132229
852 ## - LOCALIZACIÓN
Ubicación ES-MaACL
Número de control de estantería R-3454(4)
Nota libre - Enc. hol.
Holdings
Estatus retirado Estado de pérdida Estado de daño No para préstamo Colección Biblioteca de origen Biblioteca actual Ubicación en estantería Fecha de adquisición Total de préstamos Signatura topográfica completa Código de barras Visto por última vez Precio de reemplazo Tipo de ítem Koha
        Libros del s. XIX Biblioteca del Ateneo de Madrid Biblioteca del Ateneo de Madrid Depósito 17/01/2008   R-3454(4) 1161133 23/02/2023 23/02/2023 Libro impreso antiguo